000 00389nam a2200157Ia 4500
008 230524s9999 xx 000 0 und d
082 _a510
_bLIP
100 _aSeymour Lipschupz
_911155
245 0 _aTheory and Problems of : Probability
250 _a1ST
260 _aNEW DELHI
_bTMH
_c1981
300 _aI;152
500 _aQuantity Number: 2
650 _aMathematics
942 _cBK
999 _c33746
_d33746